| 000 | 01688nam a2200469 i 4500 | ||
|---|---|---|---|
| 001 | 3747 | ||
| 003 | KOSZ 005 | ||
| 005 | 20200511123842.0 | ||
| 008 | 970904s1988 pl a f f |000 0 pol | ||
| 015 | _aPB 1990/7751 | ||
| 035 | _a(PL-WaBN)b10583932-48omnis_nlop | ||
| 035 | _ab10583932 | ||
| 035 | _a(OCoLC)749687092 | ||
| 035 | _a(PL)b0000001058393 | ||
| 040 |
_aWA N _cWA N _dKOSZ 005/HR |
||
| 046 | _k1988 | ||
| 080 | _a621.317 | ||
| 080 | _a(075.8) | ||
| 100 | 1 |
_aDyszyński, Jan. _eAutor |
|
| 245 | 1 | 0 |
_aMetrologia elektryczna i elektroniczna : _blaboratorium. _nCz. 3 / _cJan Dyszyński. |
| 260 |
_aRzeszów : _bPolitechnika Rzeszowska im. Ignacego Łukasiewicza, _c1988. |
||
| 300 |
_a68 s. : _brys. ; _c24 cm. |
||
| 336 |
_2rdacontent _aTekst _btxt |
||
| 337 |
_2rdamedia _aBez urządzenbia pośredniczącego _bn |
||
| 338 |
_2rdacarrier _aWolumin _bnc |
||
| 380 | _aKsiążki | ||
| 380 | _aPublikacje dydaktyczne | ||
| 385 |
_mPoziom nauczania _aSzkoły wyższe |
||
| 388 | _a1901-2000 | ||
| 521 | _aSkrypt uczelniany dla studentów Wydziału Elektrycznego do ćwiczeń laboratoryjnych z przedmiotu: Metrologia elektryczna i elektroniczna. | ||
| 658 | _aInżynieria i technika | ||
| 655 | 7 |
_aPodręczniki akademickie _2DBN |
|
| 650 | 7 |
_aElektronika _2DBN |
|
| 650 | 7 | _aPomiary | |
| 650 | 7 | _aUrządzenia | |
| 650 | 7 |
_aElektrotechnika _2DBN |
|
| 650 | 7 | _aPrzyrządy pomiarowe | |
| 710 | 2 |
_aPolitechnika Rzeszowska im. Ignacego Łukasiewicza _4pbl |
|
| 856 |
_uhttp://koha.tu.koszalin.pl/cgi-bin/koha/opac-detail.pl?biblionumber=3747 _yKatalog online BPK |
||
| 942 |
_2UKD _cKS |
||
| 999 |
_c3747 _d3747 |
||